000 00861nam a2200277 i 4500
005 20210727153150.0
007 ta
008 200428s2001 ck gr 000 f spa d
020 _a9789587045437
040 _aCO-BoRNBP
_bspa
_cCO-BoRNBP
_erda
041 0 _aspa
084 _aN VAS3
100 1 _aVásquez, Juan Gabriel
_d1973-
_eautor
245 1 0 _aHistoria secreta de Costaguana
_cJuan Gabriel Vásquez
250 _aPrimera edición
264 1 _aBogotá
_bAlfaguara
_c2001
300 _a289 páginas
_c19 cm
336 _atexto
_btxt
_2rdacontent
337 _asin mediación
_bn
_2rdamedia
338 _avolumen
_bnc
_2rdacarrier
650 1 7 _aNovela colombiana
_ySiglo XX
_2ARMARC
650 1 7 _aLiteratura colombiana
_ySiglo XX
_2ARMARC
650 1 7 _aHistorias de aventuras
_vNovela
_2ARMARC
650 1 7 _aImaginación
_vNovela
_2ARMARC
942 _2loc
_cBKLIT
999 _c3504
_d3504